[Event "EIRCC 2019"]
[Site "Tallinn"]
[Date "2019.12.05"]
[Round "6.3"]
[White "Lobanov, Sergei"]
[Black "Motylev, Alexander"]
[Result "1/2-1/2"]
[WhiteElo "2483"]
[BlackElo "2703"]
[Annotator "TA"]
[PlyCount "113"]
[EventDate "2019.12.05"]
[EventType "swiss"]
[EventCountry "EST"]
[SourceTitle "playchess.com"]
[Source "ChessBase"]
[SourceQuality "1"]

{[%evp 28,113,21,21,25,7,43,7,7,7,11,7,7,7,7,7,7,7,7,7,7,7,12,10,7,9,7,7,7,0,0,-77,-8,0,-11,-7,27,19,27,31,35,18,19,26,25,33,35,13,21,21,23,18,12,6,13,10,15,12,8,0,0,0,0,0,0,0,0,0,0,0,0,0,0,0,0,0,0,0,0,0,0,0,0,0,0,0,0,0]} 1. e4 e5 2. Nf3 Nc6 3. Bb5 a6 4. Ba4 Nf6 5. O-O Be7 6. Re1 b5 7. Bb3 d6 8. c3 O-O 9. h3 Bb7 10. d4 Re8 11. Ng5 Rf8 12. Nf3 Re8 13. Nbd2 Bf8 14. a3 {[%cal Ba2a3,Ba3a4][%mdl 32]} h6 15. Bc2 Nb8 {C93: Closed Ruy Lopez: Smyslov Variation} 16. a4 {[#]} b4 $146 ({Predecessor:} 16... Nbd7 17. Bd3 d5 18. exd5 exd4 19. Rxe8 Qxe8 20. Nxd4 Bxd5 21. axb5 axb5 22. Rxa8 Qxa8 23. Bf1 {½-½ (63) Hracek,Z (2610)-Vitiugov,N (2728) Heraklio 2017}) 17. d5 c6 18. c4 a5 19. Nf1 Na6 20. Be3 Nc5 21. Bxc5 dxc5 22. Ne3 g6 23. Bd3 h5 24. Qc2 Bh6 25. Bf1 Qc7 26. g3 Rad8 27. h4 Bc8 28. Nd2 Ng4 29. Nd1 (29. Nxg4 $1 $11 {keeps the balance.} Bxg4 30. Bg2) 29... Qb6 (29... f5 $17) 30. f3 $11 Nf6 31. Nf2 Ba6 32. Rad1 Re7 33. Bh3 Ne8 34. b3 Nd6 35. dxc6 Qxc6 36. Nf1 Ree8 37. Ne3 Bxe3 $1 38. Rxe3 Nc8 $1 39. Rxd8 Rxd8 {The position is equal.} 40. Rd3 Rd4 41. Rxd4 cxd4 42. Nd3 f6 43. Qe2 Kg7 44. f4 Nd6 45. Bg2 Qe8 46. fxe5 fxe5 47. g4 hxg4 48. Qxg4 Bc8 49. Qg3 {[#] Black must now prevent h5.} Nf7 50. Bh3 Bxh3 51. Qxh3 Qh8 52. Qg3 Qh5 {[#] aiming for ...Qd1+.} 53. Kg2 Qe2+ 54. Nf2 Qd2 55. Kh3 Qe2 56. Kg2 Qd2 57. Kf1 {Accuracy: White = 74%, Black = 79%.} 1/2-1/2

[Event "EIRCC 2019"]
[Site "Tallinn"]
[Date "2019.12.05"]
[Round "6.4"]
[White "Pohjala, Henri"]
[Black "Andriasian, Zaven"]
[Result "1/2-1/2"]
[WhiteElo "2418"]
[BlackElo "2633"]
[Annotator "RC"]
[PlyCount "129"]
[EventDate "2019.12.05"]
[EventType "swiss"]
[EventCountry "EST"]
[SourceTitle "playchess.com"]
[Source "ChessBase"]
[SourceQuality "1"]
[TimeControl "900+10"]

1. d4 {[%emt 0:05:24]} d6 {[%emt 0:00:00]} 2. g3 {[%emt 0:00:02]} g6 {[%emt 0:00:00]} 3. Bg2 {[%emt 0:00:02]} Bg7 {[%emt 0:00:05]} 4. e4 {[%emt 0:00:01]} Nf6 {[%emt 0:00:32]} 5. Ne2 {[%emt 0:00:12]} O-O {[%emt 0:00:08]} 6. O-O {[%emt 0:00:02]} Nbd7 {[%emt 0:00:05]} 7. Nbc3 {[%emt 0:00:49]} e5 {[%emt 0:00:02]} 8. h3 {[%emt 0:00:09]} Re8 {[%emt 0:00:03]} 9. Re1 {[%emt 0:00:45]} c6 {[%emt 0:00:04]} 10. Be3 {[%emt 0:00:33]} Qe7 {[%emt 0:00:06]} 11. d5 {[%emt 0:00:20]} Nb6 {[%emt 0:00:14]} 12. a4 {[%emt 0:00:30]} Qc7 {[%emt 0:01:22]} 13. Qd3 {[%emt 0:01:57]} cxd5 {[%emt 0:00:43]} 14. Nb5 {[%emt 0:00:02]} Qb8 {[%emt 0:00:29]} 15. Bxb6 {[%emt 0:03:49]} axb6 {[%emt 0:00:10]} 16. exd5 {[%emt 0:00:03]} Bf5 {[%emt 0:01:08]} 17. Qb3 {[%emt 0:00:36]} h5 {[%emt 0:00:07]} 18. Nec3 {[%emt 0:00:12]} Nd7 {[%emt 0:00:20]} 19. Re2 {[%emt 0:00:20]} Nc5 {[%emt 0:01:16]} 20. Qc4 {[%emt 0:00:01]} Qd8 {[%emt 0:00:12]} 21. b4 {[%emt 0:01:45]} Na6 {[%emt 0:00:02]} 22. Ne4 {[%emt 0:00:10]} Rc8 {[%emt 0:00:16]} 23. Qb3 {[%emt 0:00:02]} Bxe4 {[%emt 0:00:08]} 24. Rxe4 {[%emt 0:00:22]} Nc7 {[%emt 0:00:24]} 25. Bf1 {[%emt 0:00:06]} f5 {[%emt 0:00:12]} 26. Rc4 {[%emt 0:00:08]} Nxb5 {[%emt 0:00:22]} 27. Rxc8 {[%emt 0:00:02]} Qxc8 {[%emt 0:00:01]} 28. Bxb5 {[%emt 0:00:08]} Re7 {[%emt 0:00:16]} 29. Qe3 {[%emt 0:00:28]} Qc7 {[%emt 0:02:09]} 30. c4 {[%emt 0:00:09]} e4 {[%emt 0:00:25]} 31. Re1 {[%emt 0:00:28]} h4 {[%emt 0:01:10]} 32. gxh4 {[%emt 0:00:27]} Bf6 {[%emt 0:00:17]} 33. Kh1 {[%emt 0:00:14]} Qd8 {[%emt 0:01:07]} 34. Qh6 {[%emt 0:00:10]} Rg7 {[%emt 0:00:07]} 35. Rg1 {[%emt 0:00:09]} Kf7 {[%emt 0:00:01]} 36. Rg2 {[%emt 0:00:10]} Qe7 {[%emt 0:00:27]} 37. c5 {[%emt 0:00:10]} dxc5 {[%emt 0:00:16]} 38. bxc5 {[%emt 0:00:09]} Qxc5 {[%emt 0:00:43]} 39. d6 {[%emt 0:00:01]} Qxd6 {[%emt 0:00:10]} 40. Bc4+ {[%emt 0:00:01]} Ke7 {[%emt 0:00:02]} 41. Rxg6 {[%emt 0:00:07]} Rxg6 {[%emt 0:04:13]} 42. Qxg6 {[%emt 0:00:02]} Qe5 {[%emt 0:00:02]} 43. Qf7+ {[%emt 0:00:33]} Kd6 {[%emt 0:00:01]} 44. Qxb7 {[%emt 0:00:07]} Kc5 {[%emt 0:00:01]} 45. Bb5 {[%emt 0:00:15]} Bxh4 {[%emt 0:01:16]} 46. Qc6+ {[%emt 0:00:11]} Kb4 {[%emt 0:00:01]} 47. Qc4+ {[%emt 0:00:02]} Ka5 {[%emt 0:00:26]} 48. Qc1 {[%emt 0:00:02]} Be7 {[%emt 0:00:34]} 49. Bc6 {[%emt 0:00:25]} Bd6 {[%emt 0:00:23]} 50. Qd2+ {[%emt 0:00:15]} Ka6 {[%emt 0:00:01]} 51. Kg1 {[%emt 0:00:11]} Qh2+ {[%emt 0:00:36]} 52. Kf1 {[%emt 0:00:01]} Qxh3+ {[%emt 0:00:01]} 53. Ke1 {[%emt 0:00:10]} Qa3 {[%emt 0:00:07]} 54. Bb5+ {[%emt 0:00:13]} Ka7 {[%emt 0:00:01]} 55. Qd5 {[%emt 0:00:15]} e3 {[%emt 0:00:27]} 56. Qf7+ {[%emt 0:00:10]} Be7 {[%emt 0:00:01]} 57. Qxf5 {[%emt 0:00:02]} exf2+ {[%emt 0:00:19]} 58. Kxf2 {[%emt 0:00:15]} Bc5+ {[%emt 0:00:01]} 59. Kg2 {[%emt 0:00:11]} Qb2+ {[%emt 0:00:02]} 60. Kh3 {[%emt 0:00:07]} Qh8+ {[%emt 0:00:02]} 61. Kg2 {[%emt 0:00:04]} Qg7+ {[%emt 0:00:02]} 62. Kf3 {[%emt 0:00:05]} Qc3+ {[%emt 0:00:02]} 63. Qd3 {[%emt 0:00:08]} Qf6+ {[%emt 0:00:01]} 64. Ke2 {[%emt 0:00:05]} Qf2+ {[%emt 0:00:06]} 65. Kd1 {[%emt 0:00:02]} 1/2-1/2

[Event "EIRCC 2019"]
[Site "Tallinn"]
[Date "2019.12.05"]
[Round "6.5"]
[White "Lysyj, Igor"]
[Black "Sebenik, Matej"]
[Result "1/2-1/2"]
[WhiteElo "2599"]
[BlackElo "2504"]
[Annotator "ChessBase"]
[PlyCount "63"]
[EventDate "2019.12.05"]
[EventType "swiss"]
[EventCountry "EST"]
[SourceTitle "playchess.com"]
[Source "ChessBase"]
[SourceQuality "1"]
[TimeControl "900+10"]

1. d4 {[%emt 0:00:00]} Nf6 {[%emt 0:00:00]} 2. c4 {[%emt 0:00:00]} e6 {[%emt 0:00:00]} 3. Nf3 {[%emt 0:00:00]} d5 {[%emt 0:00:00]} 4. g3 {[%emt 0:00:00]} Bb4+ {[%emt 0:00:06]} 5. Bd2 {[%emt 0:00:00]} Be7 {[%emt 0:00:01]} 6. Bg2 {[%emt 0:00:00]} O-O {[%emt 0:00:03]} 7. O-O {[%emt 0:00:04]} c6 {[%emt 0:00:01]} 8. Qb3 {[%emt 0:00:04]} b6 {[%emt 0:00:06]} 9. Nc3 {[%emt 0:00:09]} Ba6 {[%emt 0:00:14]} 10. cxd5 {[%emt 0:00:03]} cxd5 {[%emt 0:00:02]} 11. Ne5 {[%emt 0:00:05]} Bb7 {[%emt 0:00:11]} 12. Rfc1 {[%emt 0:00:11]} Nfd7 {[%emt 0:00:11]} 13. Nd3 {[%emt 0:00:05]} Nc6 {[%emt 0:00:10]} 14. e3 {[%emt 0:00:01]} Qb8 {[%emt 0:04:04]} 15. a4 {[%emt 0:00:25]} a6 {[%emt 0:00:05]} 16. Be1 {[%emt 0:01:50]} Rc8 {[%emt 0:00:06]} 17. Na2 {[%emt 0:00:50]} Qa7 {[%emt 0:01:40]} 18. Qd1 {[%emt 0:00:21]} Na5 {[%emt 0:00:49]} 19. Bb4 {[%emt 0:01:02]} Bxb4 {[%emt 0:01:43]} 20. Naxb4 {[%emt 0:00:01]} Nc6 {[%emt 0:00:02]} 21. Nxc6 {[%emt 0:00:46]} Rxc6 {[%emt 0:01:16]} 22. Rxc6 {[%emt 0:03:05]} Bxc6 {[%emt 0:00:01]} 23. Rc1 {[%emt 0:00:04]} Rc8 {[%emt 0:00:22]} 24. Rc3 {[%emt 0:01:06]} a5 {[%emt 0:00:53]} 25. e4 {[%emt 0:02:03]} dxe4 {[%emt 0:02:41]} 26. Bxe4 {[%emt 0:00:11]} Bb7 {[%emt 0:00:03]} 27. Rxc8+ {[%emt 0:03:12]} Bxc8 {[%emt 0:00:02]} 28. Qc2 {[%emt 0:00:30]} Qb8 {[%emt 0:01:20]} 29. Qc6 {[%emt 0:00:08]} Nf6 {[%emt 0:00:05]} 30. Ne5 {[%emt 0:00:05]} Ba6 {[%emt 0:00:00]} 31. Bf3 {[%emt 0:00:51]} Qd8 {[%emt 0:00:09]} 32. Qc3 {[%emt 0:01:15]} 1/2-1/2

[Event "EIRCC 2019"]
[Site "Tallinn"]
[Date "2019.12.05"]
[Round "6.6"]
[White "Sanal, Vahap"]
[Black "Lintchevski, Daniil"]
[Result "0-1"]
[WhiteElo "2597"]
[BlackElo "2515"]
[Annotator "ChessBase"]
[PlyCount "108"]
[EventDate "2019.12.05"]
[EventType "swiss"]
[EventCountry "EST"]
[SourceTitle "playchess.com"]
[Source "ChessBase"]
[SourceQuality "1"]
[TimeControl "900+10"]

1. e4 {[%emt 0:00:56]} c5 {[%emt 0:00:00]} 2. Nc3 {[%emt 0:00:01]} e6 {[%emt 0:00:00]} 3. Nf3 {[%emt 0:00:05]} Nf6 {[%emt 0:00:00]} 4. e5 {[%emt 0:00:21]} Nd5 {[%emt 0:00:00]} 5. Ne4 {[%emt 0:01:19]} f5 {[%emt 0:00:14]} 6. Nc3 {[%emt 0:00:34]} Ne7 {[%emt 0:01:05]} 7. d4 {[%emt 0:00:05]} cxd4 {[%emt 0:00:35]} 8. Nb5 {[%emt 0:03:30]} Ng6 {[%emt 0:01:29]} 9. h4 {[%emt 0:04:41]} Nc6 {[%emt 0:00:32]} 10. Nd6+ {[%emt 0:01:04]} Bxd6 {[%emt 0:00:06]} 11. exd6 {[%emt 0:00:02]} Qa5+ {[%emt 0:01:02]} 12. c3 {[%emt 0:00:01]} Qd5 {[%emt 0:01:33]} 13. cxd4 {[%emt 0:01:47]} Qxd6 {[%emt 0:00:24]} 14. h5 {[%emt 0:00:01]} Nge7 {[%emt 0:00:42]} 15. h6 {[%emt 0:00:02]} g6 {[%emt 0:00:44]} 16. Be2 {[%emt 0:00:04]} b6 {[%emt 0:00:24]} 17. O-O {[%emt 0:00:14]} Bb7 {[%emt 0:00:21]} 18. Bg5 {[%emt 0:00:41]} O-O {[%emt 0:00:05]} 19. d5 {[%emt 0:00:39]} Nxd5 {[%emt 0:00:33]} 20. Bc4 {[%emt 0:00:17]} f4 {[%emt 0:01:00]} 21. Bxd5 {[%emt 0:00:55]} Qxd5 {[%emt 0:00:06]} 22. Qxd5 {[%emt 0:00:03]} exd5 {[%emt 0:00:01]} 23. Rad1 {[%emt 0:00:05]} d6 {[%emt 0:00:48]} 24. Nd4 {[%emt 0:00:17]} Nxd4 {[%emt 0:01:41]} 25. Rxd4 {[%emt 0:00:02]} f3 {[%emt 0:00:01]} 26. Rc1 {[%emt 0:00:38]} fxg2 {[%emt 0:00:26]} 27. Rc7 {[%emt 0:00:29]} Rf7 {[%emt 0:00:01]} 28. Rxf7 {[%emt 0:00:01]} Kxf7 {[%emt 0:00:01]} 29. Rf4+ {[%emt 0:00:01]} Kg8 {[%emt 0:01:20]} 30. Kxg2 {[%emt 0:00:09]} Rf8 {[%emt 0:00:40]} 31. Rd4 {[%emt 0:00:10]} Re8 {[%emt 0:00:19]} 32. Kg3 {[%emt 0:00:20]} Re4 {[%emt 0:00:11]} 33. Rd3 {[%emt 0:00:11]} d4 {[%emt 0:00:08]} 34. f3 {[%emt 0:00:05]} Re5 {[%emt 0:00:13]} 35. Bf6 {[%emt 0:00:11]} Re3 {[%emt 0:00:24]} 36. Rxe3 {[%emt 0:00:11]} dxe3 {[%emt 0:00:01]} 37. Bc3 {[%emt 0:00:29]} Kf7 {[%emt 0:01:55]} 38. Kf4 {[%emt 0:00:02]} e2 {[%emt 0:00:01]} 39. Ke3 {[%emt 0:00:00]} Ba6 {[%emt 0:00:02]} 40. Kf4 {[%emt 0:00:41]} Ke6 {[%emt 0:00:13]} 41. Bd2 {[%emt 0:00:04]} Bc4 {[%emt 0:00:03]} 42. a3 {[%emt 0:00:17]} Kd5 {[%emt 0:00:23]} 43. Kg5 {[%emt 0:00:02]} Kd4 {[%emt 0:01:01]} 44. Kf6 {[%emt 0:00:03]} Bd3 {[%emt 0:00:04]} 45. f4 {[%emt 0:00:16]} Be4 {[%emt 0:00:14]} 46. Kg7 {[%emt 0:00:20]} g5 {[%emt 0:00:00]} 47. fxg5 {[%emt 0:00:01]} Kd3 {[%emt 0:00:06]} 48. Be1 Kc2 {[%emt 0:00:18]} 49. Kf6 {[%emt 0:00:05]} Kd1 {[%emt 0:00:19]} 50. Bg3 {[%emt 0:00:02]} e1=Q {[%emt 0:00:03]} 51. Bxe1 {[%emt 0:00:01]} Kxe1 {[%emt 0:00:01]} 52. Ke6 {[%emt 0:00:02]} d5 {[%emt 0:00:01]} 53. g6 {[%emt 0:00:10]} Bxg6 {[%emt 0:00:01]} 54. Kxd5 {[%emt 0:00:01]} Kd2 {[%emt 0:00:02]} 0-1

[Event "EIRCC 2019"]
[Site "Tallinn"]
[Date "2019.12.05"]
[Round "6.7"]
[White "Kulaots, Kaido"]
[Black "Gretarsson, Helgi Ass"]
[Result "1-0"]
[WhiteElo "2544"]
[BlackElo "2421"]
[Annotator "ChessBase"]
[PlyCount "65"]
[EventDate "2019.12.05"]
[EventType "swiss"]
[EventCountry "EST"]
[SourceTitle "playchess.com"]
[Source "ChessBase"]
[SourceQuality "1"]
[TimeControl "900+10"]

1. e4 {[%emt 0:00:00]} e5 {[%emt 0:00:00]} 2. Nf3 {[%emt 0:00:00]} Nc6 {[%emt 0:00:00]} 3. Bb5 {[%emt 0:00:00]} g6 {[%emt 0:00:00]} 4. d4 {[%emt 0:00:09]} exd4 {[%emt 0:00:00]} 5. c3 {[%emt 0:00:09]} dxc3 {[%emt 0:00:26]} 6. Nxc3 {[%emt 0:00:02]} Bg7 {[%emt 0:00:02]} 7. Bg5 {[%emt 0:00:12]} Nce7 {[%emt 0:00:18]} 8. O-O {[%emt 0:01:59]} h6 {[%emt 0:02:13]} 9. Bh4 {[%emt 0:00:16]} Nf6 {[%emt 0:01:46]} 10. e5 {[%emt 0:01:14]} Nh7 {[%emt 0:00:31]} 11. Qc2 {[%emt 0:04:45]} g5 {[%emt 0:04:13]} 12. Bg3 {[%emt 0:00:07]} Nf8 {[%emt 0:00:16]} 13. Rfe1 {[%emt 0:01:08]} Ne6 {[%emt 0:00:06]} 14. Rad1 {[%emt 0:00:41]} a6 {[%emt 0:00:53]} 15. Bd3 {[%emt 0:00:18]} b5 {[%emt 0:00:10]} 16. Ne4 {[%emt 0:00:47]} Nc6 {[%emt 0:02:31]} 17. Nf6+ {[%emt 0:01:18]} Bxf6 {[%emt 0:00:37]} 18. exf6 {[%emt 0:00:02]} Qxf6 {[%emt 0:01:01]} 19. Bxc7 {[%emt 0:01:21]} Bb7 {[%emt 0:00:11]} 20. Bd6 {[%emt 0:00:32]} Rc8 {[%emt 0:00:46]} 21. Qd2 {[%emt 0:00:24]} g4 {[%emt 0:00:09]} 22. Ne5 {[%emt 0:00:08]} Ncd4 {[%emt 0:00:01]} 23. Be4 {[%emt 0:01:41]} Bxe4 {[%emt 0:00:35]} 24. Rxe4 {[%emt 0:00:02]} Rc2 {[%emt 0:00:06]} 25. Qe1 {[%emt 0:00:01]} Nf5 {[%emt 0:02:00]} 26. Nxg4 {[%emt 0:00:48]} Qg5 {[%emt 0:00:08]} 27. Be5 {[%emt 0:00:11]} d5 {[%emt 0:00:08]} 28. Rxd5 {[%emt 0:00:35]} O-O {[%emt 0:00:16]} 29. Nf6+ {[%emt 0:00:22]} Kh8 {[%emt 0:00:03]} 30. Rd1 {[%emt 0:00:12]} Rfc8 {[%emt 0:00:07]} 31. h4 {[%emt 0:00:07]} Qc1 {[%emt 0:00:19]} 32. Kh2 {[%emt 0:00:24]} Qxb2 33. Bxb2 1-0

[Event "EIRCC 2019"]
[Site "Tallinn"]
[Date "2019.12.05"]
[Round "6.8"]
[White "Seeman, Tarvo"]
[Black "Saric, Ante"]
[Result "0-1"]
[WhiteElo "2325"]
[BlackElo "2538"]
[Annotator "ChessBase"]
[PlyCount "88"]
[EventDate "2019.12.05"]
[EventType "swiss"]
[EventCountry "EST"]
[SourceTitle "playchess.com"]
[Source "ChessBase"]
[SourceQuality "1"]
[TimeControl "900+10"]

1. Nf3 {[%emt 0:00:00]} Nf6 {[%emt 0:00:00]} 2. g3 {[%emt 0:00:00]} g6 {[%emt 0:00:00]} 3. b3 {[%emt 0:00:12]} Bg7 {[%emt 0:00:00]} 4. Bb2 {[%emt 0:00:02]} d6 {[%emt 0:00:00]} 5. d4 {[%emt 0:00:03]} c5 {[%emt 0:00:00]} 6. Bg2 {[%emt 0:00:04]} cxd4 {[%emt 0:00:02]} 7. Nxd4 {[%emt 0:00:06]} d5 {[%emt 0:00:02]} 8. O-O {[%emt 0:00:11]} O-O {[%emt 0:00:02]} 9. c4 {[%emt 0:00:02]} dxc4 {[%emt 0:00:02]} 10. bxc4 {[%emt 0:00:03]} Qb6 {[%emt 0:00:02]} 11. Qb3 {[%emt 0:00:02]} Nfd7 {[%emt 0:00:02]} 12. e3 {[%emt 0:00:06]} e5 {[%emt 0:00:02]} 13. Nb5 {[%emt 0:02:21]} Nc5 {[%emt 0:00:02]} 14. Qa3 {[%emt 0:01:16]} Be6 {[%emt 0:00:03]} 15. Nd2 {[%emt 0:00:09]} Rd8 {[%emt 0:00:02]} 16. Rfd1 {[%emt 0:03:03]} Bf8 {[%emt 0:02:01]} 17. Nb3 {[%emt 0:07:17]} Nd3 {[%emt 0:02:39]} 18. Qa5 {[%emt 0:00:12]} Nc6 {[%emt 0:00:16]} 19. Qxb6 {[%emt 0:00:19]} axb6 {[%emt 0:00:02]} 20. Bc3 {[%emt 0:00:50]} Bxc4 {[%emt 0:00:12]} 21. Nc7 {[%emt 0:00:44]} Rac8 {[%emt 0:00:42]} 22. Nd2 {[%emt 0:00:03]} Rxc7 {[%emt 0:01:01]} 23. Nxc4 {[%emt 0:00:03]} Ne7 {[%emt 0:00:21]} 24. Nxe5 {[%emt 0:00:15]} Rxc3 {[%emt 0:00:05]} 25. Rab1 {[%emt 0:00:46]} Nc6 {[%emt 0:02:01]} 26. Nxd3 {[%emt 0:00:22]} Rcxd3 {[%emt 0:00:02]} 27. Rxd3 {[%emt 0:00:01]} Rxd3 {[%emt 0:00:02]} 28. Rxb6 {[%emt 0:00:07]} Rd1+ {[%emt 0:00:17]} 29. Bf1 {[%emt 0:00:01]} Rd7 {[%emt 0:00:02]} 30. Bc4 {[%emt 0:00:18]} Ne5 {[%emt 0:00:57]} 31. Bb3 {[%emt 0:00:04]} Bc5 {[%emt 0:00:33]} 32. Rb5 {[%emt 0:00:02]} b6 {[%emt 0:00:02]} 33. a4 {[%emt 0:00:19]} Ra7 {[%emt 0:00:08]} 34. Bc2 {[%emt 0:00:18]} Nf3+ {[%emt 0:00:32]} 35. Kh1 {[%emt 0:00:31]} Kf8 {[%emt 0:00:28]} 36. Bd1 {[%emt 0:00:12]} Ne5 {[%emt 0:00:10]} 37. Kg2 {[%emt 0:00:03]} Ke7 {[%emt 0:00:13]} 38. h3 {[%emt 0:00:17]} f6 {[%emt 0:00:38]} 39. h4 {[%emt 0:00:24]} Rd7 {[%emt 0:00:10]} 40. Bb3 {[%emt 0:00:12]} Ra7 {[%emt 0:01:27]} 41. f4 {[%emt 0:00:18]} Ng4 {[%emt 0:00:15]} 42. e4 {[%emt 0:00:03]} Rd7 {[%emt 0:00:26]} 43. a5 {[%emt 0:00:05]} Rd2+ {[%emt 0:00:02]} 44. Kf1 {[%emt 0:00:02]} Nh2+ {[%emt 0:00:04]} 0-1

[Event "EIRCC 2019"]
[Site "Tallinn"]
[Date "2019.12.05"]
[Round "6.9"]
[White "Hjartarson, Johann"]
[Black "Van Foreest, Lucas"]
[Result "1-0"]
[WhiteElo "2534"]
[BlackElo "2399"]
[Annotator "ChessBase"]
[PlyCount "43"]
[EventDate "2019.12.05"]
[EventType "swiss"]
[EventCountry "EST"]
[SourceTitle "playchess.com"]
[Source "ChessBase"]
[SourceQuality "1"]
[TimeControl "900+10"]

1. d4 {[%emt 0:00:00]} Nf6 {[%emt 0:00:00]} 2. c4 {[%emt 0:00:00]} e6 {[%emt 0:00:00]} 3. Nc3 {[%emt 0:00:00]} Bb4 {[%emt 0:00:00]} 4. e3 {[%emt 0:00:04]} O-O {[%emt 0:00:00]} 5. Bd3 {[%emt 0:00:19]} c5 {[%emt 0:00:00]} 6. Nge2 {[%emt 0:00:25]} d5 {[%emt 0:00:08]} 7. cxd5 {[%emt 0:00:07]} cxd4 {[%emt 0:00:02]} 8. exd4 {[%emt 0:00:06]} Nxd5 {[%emt 0:00:01]} 9. O-O {[%emt 0:00:04]} Nc6 {[%emt 0:00:12]} 10. a3 {[%emt 0:00:51]} Bd6 {[%emt 0:00:01]} 11. Bc2 {[%emt 0:00:27]} Nxc3 {[%emt 0:00:55]} 12. bxc3 {[%emt 0:00:08]} e5 {[%emt 0:00:14]} 13. Be3 {[%emt 0:01:06]} Bg4 {[%emt 0:00:49]} 14. f3 {[%emt 0:00:44]} exd4 {[%emt 0:00:21]} 15. cxd4 {[%emt 0:00:25]} Be6 {[%emt 0:00:16]} 16. Re1 {[%emt 0:01:24]} Ne7 {[%emt 0:01:46]} 17. Ng3 {[%emt 0:00:32]} Rc8 {[%emt 0:01:20]} 18. Qd3 {[%emt 0:01:18]} g6 {[%emt 0:00:10]} 19. Bh6 {[%emt 0:01:32]} Bxg3 {[%emt 0:04:36]} 20. hxg3 {[%emt 0:01:41]} Bf5 {[%emt 0:00:02]} 21. Qe2 {[%emt 0:00:28]} Re8 {[%emt 0:00:59]} 22. Qe5 {[%emt 0:01:22]} 1-0

[Event "EIRCC 2019"]
[Site "Tallinn"]
[Date "2019.12.05"]
[Round "6.10"]
[White "Belyakov, Bogdan"]
[Black "Krupenski, Juri"]
[Result "1-0"]
[WhiteElo "2520"]
[BlackElo "2373"]
[Annotator "ChessBase"]
[PlyCount "61"]
[EventDate "2019.12.05"]
[EventType "swiss"]
[EventCountry "EST"]
[SourceTitle "playchess.com"]
[Source "ChessBase"]
[SourceQuality "1"]
[TimeControl "900+10"]

1. e4 {[%emt 0:00:00]} c6 {[%emt 0:00:00]} 2. d4 {[%emt 0:00:00]} d5 {[%emt 0:00:00]} 3. exd5 {[%emt 0:00:00]} cxd5 {[%emt 0:00:00]} 4. c4 {[%emt 0:00:00]} Nf6 {[%emt 0:00:01]} 5. Nc3 {[%emt 0:00:00]} e6 {[%emt 0:00:11]} 6. Nf3 {[%emt 0:00:07]} Bb4 {[%emt 0:00:24]} 7. cxd5 {[%emt 0:00:21]} Nxd5 {[%emt 0:00:03]} 8. Bd2 {[%emt 0:00:02]} Nc6 {[%emt 0:00:15]} 9. Bd3 {[%emt 0:00:03]} Nf6 {[%emt 0:01:37]} 10. O-O {[%emt 0:00:56]} O-O {[%emt 0:00:03]} 11. Bg5 {[%emt 0:00:09]} Be7 {[%emt 0:00:35]} 12. Bb1 {[%emt 0:01:15]} Nb4 {[%emt 0:00:53]} 13. a3 {[%emt 0:00:26]} Nbd5 {[%emt 0:00:05]} 14. Qd3 {[%emt 0:00:05]} g6 {[%emt 0:00:18]} 15. Bh6 {[%emt 0:00:20]} Re8 {[%emt 0:00:04]} 16. Ne5 {[%emt 0:00:04]} Bd7 {[%emt 0:00:40]} 17. Qf3 {[%emt 0:00:56]} Bc6 {[%emt 0:03:44]} 18. Ne4 {[%emt 0:00:52]} Bf8 {[%emt 0:01:52]} 19. Bg5 {[%emt 0:00:25]} Bg7 {[%emt 0:00:25]} 20. Ng4 {[%emt 0:01:34]} Nxe4 {[%emt 0:00:35]} 21. Bxd8 {[%emt 0:00:04]} Raxd8 {[%emt 0:00:20]} 22. Bxe4 {[%emt 0:01:16]} f5 {[%emt 0:00:03]} 23. Ne5 {[%emt 0:00:05]} fxe4 {[%emt 0:00:44]} 24. Qf7+ {[%emt 0:00:13]} Kh8 {[%emt 0:00:01]} 25. Nxc6 {[%emt 0:00:15]} bxc6 {[%emt 0:00:03]} 26. Qxa7 {[%emt 0:00:11]} Nf4 {[%emt 0:00:28]} 27. Rad1 {[%emt 0:01:03]} Nd3 {[%emt 0:00:32]} 28. Qc7 {[%emt 0:01:20]} Nxb2 {[%emt 0:01:58]} 29. Rd2 {[%emt 0:00:28]} Nc4 {[%emt 0:00:18]} 30. Re2 {[%emt 0:00:21]} Nxa3 {[%emt 0:00:09]} 31. Qxc6 {[%emt 0:00:14]} 1-0

[Event "EIRCC 2019"]
[Site "Tallinn"]
[Date "2019.12.05"]
[Round "6.11"]
[White "Degtiarev, Evgeny"]
[Black "Guseinov, Gadir"]
[Result "0-1"]
[WhiteElo "2367"]
[BlackElo "2691"]
[Annotator "TA"]
[PlyCount "73"]
[EventDate "2019.12.05"]
[EventType "swiss"]
[EventCountry "EST"]
[SourceTitle "playchess.com"]
[Source "ChessBase"]
[SourceQuality "1"]

{[%evp 13,73,20,45,37,35,30,66,55,56,65,75,71,89,31,35,-3,2,-11,-8,-18,10,26,51,27,16,0,41,44,55,12,35,28,26,-59,-52,-84,-45,-65,-49,-248,-212,-217,-168,-298,-195,-219,-188,-285,-227,-344,-317,-313,-314,-305,-296,-284,-289,-435,-447,-854,-772,-4954]} 1. d4 Nf6 2. c4 g6 3. Nc3 Bg7 4. e4 d6 5. h3 O-O 6. Nf3 e5 7. d5 Nh5 8. g3 {E90: King's Indian: Classical: Early deviations and 6 h3} Na6 9. Be2 Nf6 10. Be3 {White is slightly better.} Nc5 11. Nd2 a5 12. a3 (12. g4 c6 13. h4 cxd5 14. cxd5 Bd7 15. h5 a4 16. f3 b5 17. h6 {1-0 (27) Nakamura,H (2746)-Amin,B (2710) St Petersburg 2018}) 12... Ne8 13. b4 $146 (13. h4 $16) ({Predecessor:} 13. g4 f5 14. gxf5 gxf5 15. exf5 Bxf5 16. Bxc5 dxc5 {0-1 (45) Jaiswal,P (2202)-Anurag,M (2295) Tirupati 2012}) 13... Na6 14. g4 (14. b5 {with more complications.} Nc5 15. h4 f5 16. Qc2 Nf6 17. h5) 14... f5 15. gxf5 gxf5 16. exf5 axb4 (16... Bxf5 $5 {[%cal Ra5b4]} 17. Qb3 Qd7 $11) 17. axb4 {aiming for b5.} Bxf5 18. Ra4 Nf6 19. h4 Qd7 20. Rg1 {Threatens to win with Bh6.} Kh8 $1 21. Nf1 Qf7 22. h5 {Black must now prevent h6.} h6 23. Ng3 (23. c5 $11) 23... Bd7 $1 $15 24. b5 Nc5 25. Bxc5 dxc5 26. Rg2 $2 ({Only move:} 26. Rxa8 $1 $15 Rxa8 27. Rh1) 26... Rxa4 $19 27. Qxa4 e4 {Hoping for ...Bh3.} 28. Ncxe4 (28. Nd1 $142) 28... Nxe4 29. Nxe4 Qf4 30. f3 (30. Qc2 $142) 30... Bd4 31. Kd1 (31. Qc2 {was called for.}) 31... Bh3 32. Rg6 Bf5 $1 {[%csl LRe4,LRg6][%mdl 64] Double Attack} 33. b6 Bb2 {[%csl Gb2][%cal Rf4c1]} 34. Qc2 {[#]} Be5 $1 35. bxc7 {[#]} (35. Qd2 {was necessary.} Qxd2+ 36. Kxd2 Bxg6 37. hxg6 cxb6 38. Ke3) 35... Ra8 $1 {[%cal Ra8a1] ( -> ...Ra1+)} 36. c8=Q+ (36. Rb6 $142 Qe3 37. Qb1) 36... Bxc8 37. Nd2 {Accuracy: White = 34%, Black = 70%.} 0-1